Statistiche per Riconosci il Calciatore - Quiz n°670

Clicka qui per fare il quiz!

Statistiche generali

  • Questo quiz è stato fatto 6 volte
  • Il punteggio medio è 6 su 21

Statistiche sulle risposte

IndizioRisposta% Corretto
NazionalitàArgentina
100%
RuoloDifensore
83%
Squadra di club 8Racing Club 2010-2010
83%
Trofei per clubCampionato argentino: 1
River Plate: Apertura 1994
Campionato italiano: 1
Milan: 1998-1999
Campionato spagnolo: 2
Valencia: 2001-2002, 2003-2004
Coppa UEFA: 1
Valencia: 2003-2004
Supercoppa UEFA: 1
Valencia: 2004
50%
Squadra di club 4Milan 1998-2000
50%
Squadra di club 6Villarreal 2007-2007
50%
Data di nascita14/04/1973
33%
Squadra di club 3Napoli 1995-1998
33%
Squadra di club 7Real Saragozza 2007-2010
33%
Squadra di club 5Valencia 2000-2007
33%
Squadra di club 1Ferro Carril Oeste 1991-1994
17%
Squadra di club 2River Plate 1994-1995
17%
Presenze in nazionale115
0%
Altezza177 cm
0%
Gol nei club18
0%
Presenze nei club584
0%
Gol in nazionale7
0%
Peso75 kg
0%
Trofei individualiEquipo Ideal de América: 1
1994
0%
Trofei per nazionaliGiochi panamericani: 1
1995
Argento olimpico: 1
Atlanta 1996
Oro olimpico: 1
Atene 2004
0%
CalciatoreRoberto Ayala
0%

Distribuzione punteggi

Percentile per numero di risposta

Percentuale di utenti per punteggio

I tuoi punteggi nel tempo

Non hai fatto questo quiz